000 00179 a2200097 4500
020 _a9788495752338
041 _aspa
100 _aJACLYN REDING
245 _aBRUMA BLANCA
942 _cBK
999 _c927
_d927